[Event "Nicolo La Rosa op 15th"]
[Site "Mazara del Vallo"]
[Date "2007.08.10"]
[Round "1"]
[White "Pipitone, Claudio"]
[Black "La Spada, Giorgia"]
[Result "1-0"]
[WhiteElo "1646"]
[BlackElo "1440"]
[PlyCount "63"]
[EventDate "2007.08.10"]
[EventType "swiss"]
[EventRounds "6"]
[EventCountry "ITA"]
[SourceTitle "EXT 2011"]
[Source "ChessBase"]
[SourceDate "2010.11.26"]
[SourceVersion "1"]
[SourceVersionDate "2010.11.26"]
[SourceQuality "1"]

1. d4 d5 2. c4 e6 3. Nc3 Nc6 4. Nf3 Nf6 5. Bg5 Be7 6. e3 h6 7. Bh4 0-0 8. Bd3 Kh8 9. 0-0 Nb4 10. Bb1 Bd6 11. cxd5 exd5 12. a3 Na6 13. e4 dxe4 14. Nxe4 Nxe4 15. Bxd8 Rxd8 16. Bxe4 Bg4 17. Bxb7 Rab8 18. Bxa6 Rd7 19. b4 Re8 20. Qb3 Rde7 21. Ne5 Be6 22. Bc4 Bf5 23. Nxf7+ Rxf7 24. Bxf7 Be6 25. Bxe6 Rxe6 26. Qxe6 Bf8 27. Rfe1 a6 28. Qg6 Kg8 29. Re8 c6 30. Rae1 h5 31. Rxf8+ Kxf8 32. Re8# 1-0